Graphische Darstellung in Wissenschaft und Technik
Na minha lista:
| Formato: | Livro |
|---|---|
| Idioma: | alemão |
| Publicado em: |
Berlin
Walter de Gruyter Co.
1931
|
| Tags: |
Sem tags, seja o primeiro a adicionar uma tag!
|
MARC
| LEADER | 00000nam a2200000 4500 | ||
|---|---|---|---|
| 001 | 0268138 | ||
| 005 | 20240822101711.3 | ||
| 041 | 0 | |a ger | |
| 044 | |a DE | ||
| 245 | 1 | 0 | |a Graphische Darstellung in Wissenschaft und Technik |c M. Pirani |
| 264 | 1 | |a Berlin |b Walter de Gruyter Co. |c 1931 | |